| 000 | 01852ctm a2200325 i 4500 | ||
|---|---|---|---|
| 003 | SA-RiAUC | ||
| 005 | 20251215121712.0 | ||
| 008 | 251212s1985 su f bm 000r0 ara c | ||
| 040 |
_aSA-JeALM _bara _cSA-RiAUC _erda |
||
| 082 | 0 | 4 |
_a251 _qSA-RiAUC |
| 090 |
_aر 251 م ج ي _bم ج ي |
||
| 100 | 1 |
_aالمجيدي، سعيد بن غالب كامل _eمؤلف. |
|
| 245 | 1 | 2 |
_aالكاشف عن المحصول في علم الأصول للشيخ شمس الدين محمد بن محمود الأصفهاني 616-688 هـ. : _bدراسة وتحقيق / _cإعداد سعيد بن غالب كامل المجيدي ؛ إشراف عمر عبد العزيز محمد. |
| 264 | 0 |
_aالمدينة المنورة : _bالجامعة الاسلامية _c1986 |
|
| 300 |
_aمجلد ؛ _c33 سم |
||
| 336 |
_aنص _btxt _2rdacontent _3أطروحة |
||
| 337 |
_aبدون وسيط _bn _2rdamedia |
||
| 338 |
_aمجلد _bnc _2rdacarrier |
||
| 500 | _aإهداء من المؤلف عبد الله عمر خياط. | ||
| 500 | _aرسالة مقدمة لنيل درجة الماجستير | ||
| 502 |
_bماجستير _cالجامعة الإسلامية، كلية الشريعة، قسم أصول الفقه _d1406 هجري. |
||
| 504 | _aيشتمل على إرجاعات ببليوجرافية. | ||
| 650 | 7 |
_aالفقه الإسلامي _2aucsh |
|
| 650 | 7 |
_aأصول الفقه الإسلامي _2aucsh |
|
| 700 | 1 | 2 |
_iتحقيق لـ (عمل) : _aالأصفهاني، محمد بن محمود بن محمد، _d616-688 هجري _tالكاشف عن المحصول في علم الأصول. |
| 700 | 1 | 2 |
_iشرح لـ (عمل) : _aالفخر الرازي، محمد بن عمر بن الحسن، _d544-606 هجري |
| 700 |
_aمحمد, عمر عبد العزيز . _eإشراف |
||
| 942 |
_2ddc _cTHESES _n0 |
||
| 949 |
_aSA-JeALM _d251212 _umohamedma123 _n1 |
||
| 999 |
_c13533 _d13533 |
||